[Event "BCF-ch playoff"]
[Site "Hove"]
[Date "1997.08.15"]
[Round "2"]
[White "Emms, John M"]
[Black "Miles, Anthony John"]
[Result "0-1"]
[WhiteElo "2530"]
[BlackElo "2595"]
[Annotator "Wedberg,T"]
[PlyCount "126"]
[EventDate "1997.08.15"]
[EventType "tourn"]
[EventRounds "3"]
[EventCountry "ENG"]
[EventCategory "15"]
[SourceTitle "CBM 061"]
[Source "ChessBase"]
[SourceDate "1997.11.23"]
[SourceVersion "1"]
[SourceVersionDate "1997.11.23"]
[SourceQuality "1"]

{A very turbulent game. Miles plays hard for a win, but almost loses in the
tactical battle. In the ending phase White gives it all away.} 1. e4 {Hecht}
Nc6 2. Nf3 e5 3. Bb5 Nf6 4. O-O Nxe4 5. d4 Nd6 6. Bxc6 dxc6 7. dxe5 Nf5 8.
Qxd8+ Kxd8 9. Nc3 {The general view on this position is that White has an
advantageous ending due to the better P-position. But that might not hold.
Another view is that Black has a better ending, but at the moment this is
compensated by Whites lead in development and Blacks problem with his K
position. Therefor White should take immediate action, like advancing the
K-side P:s in this fasion: h3, g4, f4 and f5. Of course it takes some piece
moves as well, but the important notion is that time is important here. When
White waits Black can easily get the advantage.} Ke8 10. b3 (10. h3) 10... a5
11. Bb2 Bb4 12. Ne2 (12. Ne4 a4 13. a3 Be7 14. b4 Be6 15. Rfe1 (15. Rad1 Rd8
16. h3 h5 17. Nd4 Nxd4 18. Rxd4 Rxd4 19. Bxd4 b6 20. Re1 Kd7 $15 {Ansell,
S-Miles,A/BCF-ch 1997/EXP 59/0-1 (46)} (20... Kd7 21. Nc3 Bf5 22. Re2 Ke6 23.
f4 g5 24. fxg5 Bxg5 25. Kf2 Rd8 26. Be3 Bxe3+ 27. Kxe3 Kxe5 28. Nxa4 Ra8 29.
Nb2 Rxa3+ {Ansell,S-Miles,A/BCF-ch 1997/EXP 59/0-1 (46)})) 15... h6 16. h3 Rd8
17. Rad1 Rd7 18. Rxd7 Kxd7 19. g4 Nh4 20. Nxh4 Bxh4 21. Nc5+ $14 {1-0 Onischuk,
A-Miles,A/Biel SKA 1996/CBM 55/[Wedberg] (46)} (21. Nc5+ {Hecht} Kc8 22. Nxe6
fxe6 23. Re4 Rd8 24. Bd4 b6 25. Kf1 Rf8 26. Ke2 Be7 27. Be3 Kb7 28. f4 Kc8 29.
Rd4 Rd8 30. Rc4 Kb7 31. f5 Rd5 32. Re4 Kc8 33. c4 Rd7 34. fxe6 Rd8 35. Rf4 Rf8
36. Rf5 Kd8 37. c5 b5 38. Kf3 Ke8 39. Ke4 Bh4 40. Rxf8+ Kxf8 41. Kf5 Be1 42.
Bd4 Bd2 43. Bb2 Bg5 44. Kg6 Kg8 45. Bc1 Bxc1 46. e7 Bxa3 47. e8=Q# {1-0
Onischuk,A-Miles,A/Biel SKA 1996/CBM 55/[Wedberg]})) 12... a4 13. c4 h5 (13...
Bc5 14. Nd2 h5 15. Ne4 Be7 16. Nf4 b6 17. Rfe1 Be6 18. Bc3 g5 19. Nf6+ Bxf6 20.
Nxe6 fxe6 21. exf6 $36 {1-0 Jansa,V-Plachetka,J/Ostrava 1992/CBM 33 (37)} (21.
exf6 {Hecht} Kf7 22. Rad1 Rhd8 23. Be5 axb3 24. axb3 Nd6 25. Rd3 Ne8 26. Rg3 g4
27. h3 Nxf6 28. Bxc7 Rd2 29. hxg4 hxg4 30. Bxb6 Rb8 31. Bc7 Rg8 32. Bf4 Ra2 33.
Rd3 Nh5 34. Be5 Rg5 35. Rd7+ Kg6 36. Rd6 g3 37. fxg3 Kf5 38. Rxc6 {1-0 Jansa,
V-Plachetka,J/Ostrava 1992/CBM 33})) 14. Bc3 Be7 15. Nfd4 Bc5 16. Nxf5 Bxf5 17.
Rfd1 Bc2 18. Rdc1 Bf5 19. Rd1 Be7 {No draw.} 20. Nd4 Bg6 21. e6 $5 (21. f4 Bc5
(21... c5 22. Nb5 Bd8 23. bxa4 Rxa4 24. Rd5 $36) 22. b4 Bxd4+ 23. Rxd4 Rd8 24.
Rad1 Rxd4 25. Rxd4 Ke7 $11) 21... f6 22. f4 Be4 23. Re1 f5 24. Rad1 axb3 25.
axb3 Ra2 $6 (25... Bc5 {Is safer}) 26. Rxe4 $1 {White crashes through with an
exchange sacrifice. The play now becomes extremely sharp.} (26. Re2 Rxe2 27.
Nxe2 Rh6 $15) 26... fxe4 27. Nf5 Rh7 28. Rd7 $2 {Dropping the ball.} (28. Nxg7+
$5) (28. Nxe7 $1 Kxe7 29. f5 Ke8 30. Rd7 Rc2 31. Be1 Rc1 32. Kf2 $16) 28...
Bc5+ 29. Kf1 (29. Kh1 $2 Rc2 30. Bd2 g6 $3 $19) 29... Rf2+ 30. Ke1 Rxf4 31.
Nxg7+ Rxg7 $1 32. Rxg7 Bd6 {Black has survived the worst part and now the game
starts once more.} 33. c5 Be7 34. b4 b6 35. Be5 (35. Ke2 $1 bxc5 36. Ke3 Rg4
37. Rxg4 hxg4 38. bxc5 Bxc5+ 39. Kxe4 $16) 35... Rf5 36. Rg8+ Rf8 37. Rxf8+ $2
(37. Rg7 $142) 37... Kxf8 $17 {[#] Hecht This results in the endgame g-pawn
versus c- and e-pawns. Black wins, but the situation is not clear to me. See
the remarks at move 53. [#] Abwicklung in das Endspiel g gegen c+e. Schwarz
gewinnt, doch erscheint mir die sache nicht klar zu sein. Siehe Anmerkung zum
53.Zug.} 38. Ke2 bxc5 39. bxc5 Bxc5 40. Bxc7 Ke7 41. h3 Kxe6 42. g4 hxg4 43.
hxg4 Bd4 44. Bf4 c5 45. Bd2 c4 46. Bc1 Ke5 47. Bh6 c3 48. Bg7+ Kd5 49. Bf8 Bf6
50. Bh6 Be5 51. Bc1 Ke6 52. Ke3 Kd5 53. g5 {Is there a win for Black after the
renewed Ke2?! For example, after this prelude (Analyse!): Gibt es einen Gewinn
für Schwarz nach dem erneuten Ke2?! Z.B. nach dieser Einleitung: (Analyse!)} (
53. Ke2 {Hecht} Bd4 {[%cal Yd5e6,Ye6f7,Yf7g6,Yd4f6,Yf6g5]} 54. Ba3 Ke6 55. Bc1
Kf6 56. Bf4 Kg6 57. Bc1 Bf6 58. Ba3 Bg5 59. Kd1 {and now? -- Analyse! und nun?
- Analyse!}) 53... Bg7 54. g6 Ke5 55. Ba3 Bh6+ 56. Ke2 Kf6 57. g7 Kxg7 58. Kd1
Kg6 59. Bb4 Bg7 60. Kc2 Kf5 61. Bc5 Kf4 62. Bd6+ Kf3 63. Bc5 e3 0-1

[Event "Dubai op"]
[Site "Dubai"]
[Date "2001.04.19"]
[Round "5"]
[White "Ramesh, Ramachandran B"]
[Black "Aleksandrov, Aleksej"]
[Result "0-1"]
[WhiteElo "2458"]
[BlackElo "2610"]
[Annotator "Wedberg,T"]
[PlyCount "96"]
[EventDate "2001.04.15"]
[EventType "swiss"]
[EventRounds "9"]
[EventCountry "UAE"]
[SourceTitle "CBM 083"]
[Source "ChessBase"]
[SourceDate "2001.07.05"]
[SourceVersion "1"]
[SourceVersionDate "2001.07.05"]
[SourceQuality "1"]

1. e4 e5 2. Nf3 Nc6 3. Bb5 Nf6 4. O-O Nxe4 5. d4 Nd6 6. Bxc6 dxc6 7. dxe5 Nf5
8. Qxd8+ Kxd8 9. Nc3 Be6 10. Ng5 Ke7 {Aleksandrovs speciality. The basic
intuition is that taking on e6 is bad if Black can recapture with the K.} 11.
b3 {White goes for the counter trick Ba3+. This seems to be the critical test
of Aleksandrovs system.} (11. Rd1 h6 12. Nf3 (12. Nge4 Rd8 13. b3 Rxd1+ 14.
Nxd1 Kd7 15. Bb2 c5 16. c4 Kc6 $13 {1/2-1/2 Timoshenko,G-Aleksandrov,A/
Nikolaev 1993/CBM 35 (33)}) (12. Nxe6 Kxe6 13. g4 Nh4 14. f4 h5 15. h3 hxg4 16.
hxg4 f5 17. exf6 gxf6 18. f5+ Kf7 19. Rd7+ Be7 20. Ne4 Rag8 $36 {117/. 0-1
Daniliuk,S-Aleksandrov,A/Krasnodar 1995/CBM 47 ext (57)}) 12... Ke8 13. b3 (13.
h3 Bb4 14. Ne2 Bc5 15. b3 a5 $11 {1/2-1/2 Lau,R-Schroll,G/Vienna 1996/CBM 55
ext (42)}) 13... Bb4 14. Bb2 (14. Ne2 Bd5 15. Nfd4 Nxd4 16. Rxd4 Bc5 {1/2-1/2
Emms,J-Rausis,I/Gausdal 1995/CBM 47 ext (16)}) 14... Bxc3 15. Bxc3 c5 16. Rd2
Ne7 17. Ne1 Nd5 18. Bb2 c4 $132 {1-0 Zontakh,A-Aleksandrov,A/St Petersburg
1994/CBM 43 ext (71)}) (11. Nxe6 Kxe6 $132) 11... h6 12. Ba3+ (12. Nge4 Nd4 (
12... Ke8) 13. Ba3+ Ke8 14. Bxf8 Rxf8 15. Nc5 Bc8 16. Rad1 Nxc2 17. Rd2 Na3 18.
Rfd1 $13 {1/2-1/2 Kruppa,Y-Aleksandrov,A/Minsk 1996/CBM 54 (49)}) 12... Kd7 13.
Rad1+ Kc8 14. Nxe6 {[%mdl 4] In principle White is happy to exchange his
black-squared B.} (14. Bxf8 hxg5 15. Ba3 a5 16. Bc1 g4 17. a3 c5 18. Ne4 b6 19.
Ng5 Kb7 $15 {1/2-1/2 Holmsten,A-Rausis,I/Heart of Finland op 1997/EXT 99 (62)})
14... Bxa3 15. Nf4 Re8 (15... Bb2 16. Rd3 $6 (16. Nfe2 Re8 17. g4 Nh4 18. f4
$14) 16... Re8 17. Re1 Nd4 $1 $15 {0-1 Aseev,K-Aleksandrov,A/Kstovo 1994/CBM
42 ext (36)}) 16. g4 Ne7 17. Nb1 {White could have carried out the standard
plan of pushing his K-side majority.} (17. Nh5 $5 b6 (17... Bb2 18. Na4 $1 Bxe5
19. Rfe1 $40) 18. f4 Kb7 19. Ne4 $14) 17... Bc5 18. Nd3 Bb6 19. Kg2 a5 20. Rfe1
Nd5 21. a3 Bd4 22. Re4 (22. c4 Nc3 23. Nxc3 Bxc3 24. Re2 b6 25. f4 Kb7 $13)
22... Ba1 $5 23. c4 Nf6 24. Ree1 Nd7 (24... Nxg4 $2 25. h3 Nxe5 26. f4 $18) 25.
Rc1 c5 26. Nd2 (26. Nc3 $142 Bxc3 27. Rxc3 $14) 26... Bd4 27. a4 Ra6 $132 28.
f4 Rb6 29. Rb1 Bc3 30. Red1 f6 $36 31. Nf3 (31. Ne4 $5) 31... fxe5 32. fxe5
Nxe5 33. Nfxe5 Bxe5 34. Re1 Rbe6 35. Nxc5 R6e7 36. Rbd1 Bd6 $17 37. Nd3 Re4 (
37... Re2+ $1) 38. Kf1 Rxe1+ 39. Rxe1 Rxe1+ 40. Kxe1 Bxh2 41. Kf2 Bd6 42. Kf3
Kd7 43. Ke4 Ke6 44. Ne1 g6 45. Nf3 Bg3 46. g5 h5 47. Nd4+ Kd6 48. Ne2 h4 0-1

[Event "Mondariz GEMA m"]
[Site "Mondariz"]
[Date "2001.12.29"]
[Round "3"]
[White "Vallejo Pons, Francisco"]
[Black "Sokolov, Ivan"]
[Result "1/2-1/2"]
[WhiteElo "2630"]
[BlackElo "2658"]
[Annotator "Wedberg,T"]
[PlyCount "50"]
[EventDate "2001.12.26"]
[EventType "match"]
[EventRounds "8"]
[EventCountry "ESP"]
[SourceTitle "CBM 087"]
[Source "ChessBase"]
[SourceDate "2002.03.21"]
[SourceVersion "1"]
[SourceVersionDate "2002.03.21"]
[SourceQuality "1"]

1. e4 e5 2. Nf3 Nc6 3. Bb5 Nf6 4. O-O Nxe4 5. d4 Nd6 6. Bxc6 dxc6 7. dxe5 Nf5
8. Qxd8+ Kxd8 9. Nc3 h6 10. h3 Bd7 11. b3 b6 (11... Kc8 12. Bb2 Ne7 13. Rad1 b6
14. Nd4 $5 Ng6 $6 (14... c5 $142) 15. f4 $1 $36 {1-0 Shirov,A-Rizouk,A/Moscow
2001/CBM 86_03 (28)}) 12. Bb2 Kc8 13. Rad1 a5 14. a4 Ne7 15. Ne2 (15. Nd4 $5 {
copying Shirov - it might even be better with a5 and a4 in since White can put
a N on b5 without having to worry about a6 from Black.}) 15... Ng6 16. Ng3 {
Black is allowed to reach the ideal setup with the N on e6.} (16. Rd2 Bb4 $6 (
16... c5 $142) 17. c3 Be7 18. Rfd1 Rd8 19. c4 c5 20. e6 $1 $36 {1-0 Van den
Doel,E-Narciso Dublan,M/Mondariz 2000/CBM 79/[Wedberg] (40)}) 16... Nf4 $1 17.
Rfe1 (17. Rd2 c5 18. Rfd1 Bc6 19. Rd8+ Kb7 20. Rxa8 Kxa8 21. Rd8+ Kb7 22. Kh2
Ne6 {Black is not worse.}) 17... c5 18. Re4 Ne6 {[%csl Ge6][%mdl 4] With the N
securely posted on e6 Black has little to worry about.} 19. c4 Bc6 20. Re3 Kb7
21. Rd2 Be7 22. Nf5 Bg5 23. Nxg5 hxg5 24. f3 Rad8 25. Red3 Rde8 1/2-1/2

[Event "Pamplona 0102"]
[Site "Pamplona"]
[Date "2001.12.28"]
[Round "2"]
[White "Leitao, Rafael Duailibe"]
[Black "Almasi, Zoltan"]
[Result "1/2-1/2"]
[WhiteElo "2581"]
[BlackElo "2630"]
[Annotator "Wedberg,T"]
[PlyCount "71"]
[EventDate "2001.12.27"]
[EventType "tourn"]
[EventRounds "9"]
[EventCountry "ESP"]
[EventCategory "14"]
[SourceTitle "CBM 087"]
[Source "ChessBase"]
[SourceDate "2002.03.21"]
[SourceVersion "1"]
[SourceVersionDate "2002.03.21"]
[SourceQuality "1"]

1. e4 e5 2. Nf3 Nc6 3. Bb5 Nf6 4. O-O Nxe4 5. d4 Nd6 6. Bxc6 dxc6 7. dxe5 Nf5
8. Qxd8+ Kxd8 9. Nc3 h6 10. h3 Bd7 11. b3 Ke8 {Almasi is not discouraged by
Kramniks failure with this move against Kasparov.} 12. Bb2 Rd8 13. Rad1 Ne7 14.
Rfe1 Ng6 15. Ne4 c5 $146 {[%mdl 8] This is the intended improvement over
Kramniks play. Black makes a hopefully useful move and asks White to find
something similar. The main point is that the e6 break is ineffective with the
N still on g6 protecting Rh8.} (15... Nf4 $6 16. e6 $3 Nxe6 (16... Bxe6 $2 17.
Nf6+ Ke7 18. Ba3+ $18) 17. Be5 (17. Nd4 $16 {1-0 Kasparov,G-Kramnik,V/Astana
2001/CBM 84/[Wedberg] (41)}) 17... Rc8 18. Nh4 {intending f4-f5 gives White a
clear plus according to Kasparov.}) 16. Ng3 (16. e6 $6 Bxe6 17. Nf6+ gxf6 18.
Rxd8+ Kxd8 19. Bxf6+ Be7 20. Bxh8 Nxh8 $17) (16. c4 $5) 16... Nf4 {[%cal Yf4e6]
} 17. e6 $5 {Without this thrust White gets nowhere.} Bxe6 (17... Nxe6 18. Ne5
(18. Nf5 $5 $36) 18... Bd6 19. Nf5 Bxe5 20. Rxe5 Rg8 21. Nxg7+ Rxg7 22. Rxe6+
Bxe6 23. Rxd8+ Kxd8 24. Bxg7 h5 $11) 18. Be5 Ng6 (18... Rxd1 19. Rxd1 Nd5 20.
c4 Nb4) 19. Bxc7 Rxd1 20. Rxd1 $14 {White is active and Black is undeveloped.}
Be7 21. Bb8 (21. Ne4 f5 22. Nd6+ Kd7 $1 $13) 21... f5 $5 $132 {Counterplay
rather than trying to cling on to material.} (21... a6 22. Ne4 f5 23. Nd6+ Bxd6
24. Bxd6 $14) 22. Bxa7 Kf7 23. Bb6 Rc8 24. a4 Bf6 25. Ne2 f4 26. Ba5 Bf5 $44
27. Rd2 Re8 28. Bc7 c4 29. bxc4 Rc8 30. Bxf4 Rxc4 31. Be3 Rxc2 32. Rxc2 Bxc2
33. a5 Ne5 34. Nxe5+ Bxe5 35. Bd4 Bd1 36. Bxe5 1/2-1/2

[Event "Mondariz zt 1.1"]
[Site "Mondariz"]
[Date "2000.09.13"]
[Round "10"]
[White "Van den Doel, Erik"]
[Black "Narciso Dublan, Marc"]
[Result "1-0"]
[WhiteElo "2547"]
[BlackElo "2507"]
[Annotator "Wedberg,T"]
[PlyCount "79"]
[EventDate "2000.09.03"]
[EventType "swiss"]
[EventRounds "11"]
[EventCountry "ESP"]
[SourceTitle "CBM 079"]
[Source "ChessBase"]
[SourceDate "2000.11.21"]
[SourceVersion "1"]
[SourceVersionDate "2000.11.21"]
[SourceQuality "1"]

1. e4 e5 2. Nf3 Nc6 3. Bb5 Nf6 4. O-O Nxe4 5. d4 Nd6 6. Bxc6 dxc6 7. dxe5 Nf5
8. Qxd8+ Kxd8 9. Nc3 h6 10. h3 Bd7 11. b3 (11. Ne4 Kc8 12. a4 a5 13. g4 Ne7 14.
Ra3 Ng6 (14... h5 $5) 15. Rd3 Be6 16. Rfd1 Bb4 17. b3 Re8 18. Ng3 b6 19. Nh5
Bf8 $13 {0-1 Zoler,D-Kosashvili,Y/Israel 2000/CBM 77/[Wedberg] (75)}) (11. Bf4
b6 (11... Be7 12. Ne4 b6 13. Rad1 Nh4 14. Nxh4 Bxh4 15. Bg3 Bxg3 16. Nxg3 Ke7
17. f4 g6 18. Kf2 $14 {1/2-1/2 Greenfeld,A-Aseev,K/St Petersburg 1999/CBM 72 
(34)}) 12. a4 a5 13. Rad1 Kc8 {1/2-1/2 Shirov,A-Almasi,Z/Polanica Zdroj 2000/
CBM 79/[Wedberg] (40)}) 11... Kc8 12. Bb2 Ne7 (12... b6 13. Rad1 Ne7 14. Ne2
Ng6 15. Ne1 h5 $11 {1/2-1/2 Kasparov,G-Kramnik,V/London 2000 (25)}) 13. Rad1
Ng6 14. Ne2 a5 15. a4 b6 16. Rd2 $5 {Doubling up on the d-file looks like an
interesting way to handle the White side. But in the first game of the
Championship match in London Kasparov prefered Ne1 in a similar position.} Bb4
$6 (16... c5 17. Rfd1 Be6 (17... Bc6 $2 18. Rd8+ Kb7 19. Rxa8 Kxa8 20. Rd8+ Kb7
21. e6 $1 fxe6 22. Ne5 $16) 18. c4 Be7 19. Nc3 $13 {[%cal Yc3d5]}) 17. c3 Be7
18. Rfd1 Rd8 (18... Be8 19. c4 c5 20. Ng3 $16 {[%cal Yg3f5]}) 19. c4 c5 20. e6
$1 {The e6-break is a sign that Black has made some mistake. Blacks carefully
constructed defence is toppled.} Bxe6 21. Rxd8+ Bxd8 22. Bxg7 h5 23. Bh6 Kb7
24. Ng5 Bxg5 25. Bxg5 Rg8 26. h4 Bg4 27. Rd2 Ne5 (27... f6 28. Bxf6 Bxe2 29.
Rxe2 Nf4 30. Re4 $16) 28. Ng3 Re8 29. Bf6 Nd7 30. Bb2 Re1+ 31. Kh2 Rd1 32. Rc2
c6 33. f3 Be6 34. Nxh5 b5 35. Ng7 bxa4 36. bxa4 Nb6 37. Nxe6 fxe6 38. h5 Rd7
39. h6 e5 40. Bxe5 1-0

[Event "Rubinstein Memorial 37th"]
[Site "Polanica Zdroj"]
[Date "2000.08.18"]
[Round "2"]
[White "Shirov, Alexei"]
[Black "Almasi, Zoltan"]
[Result "1/2-1/2"]
[WhiteElo "2746"]
[BlackElo "2668"]
[Annotator "Wedberg,T"]
[PlyCount "80"]
[EventDate "2000.08.17"]
[EventType "tourn"]
[EventRounds "9"]
[EventCountry "POL"]
[EventCategory "17"]
[SourceTitle "CBM 079"]
[Source "ChessBase"]
[SourceDate "2000.11.21"]
[SourceVersion "1"]
[SourceVersionDate "2000.11.21"]
[SourceQuality "1"]

{[%mdl 4] An interesting example of the new black plan to quickly move the K
over to the Q side in the Berlin defence.} 1. e4 e5 2. Nf3 Nc6 3. Bb5 Nf6 4.
O-O Nxe4 5. d4 Nd6 6. Bxc6 dxc6 7. dxe5 Nf5 8. Qxd8+ Kxd8 9. Nc3 Bd7 {[%cal
Yb7b6,Gd8c8,Gc8b7] This is the latest fashion. The B clears the way for the K
to escape to the Q side. Putting the B on e6 is more problematic since it runs
into Ng5 straight away or the plan h3, g4 and Nd4.} 10. h3 (10. Bf4 h6 11. Rad1
Kc8 12. Ne2 g5 13. Bd2 Bg7 14. Bc3 Re8 15. g4 Nh4 16. Nxh4 gxh4 17. e6 Rxe6 18.
Bxg7 Rxe2 $17 {0-1 Salai,L-Rogers,J/Senec 1998/EXT 99 (56)}) 10... h6 11. Bf4
b6 12. a4 a5 13. Rad1 Kc8 14. b3 Bb4 15. Ne4 Be6 16. c4 {[%csl Yd5][%cal Yc4d5]
} (16. g4 Bd5 $132) 16... c5 {[%csl Yd4][%cal Yc5d4]} 17. g4 Ne7 18. Ne1 Bd7 {
Planning to hit back on the K side with h5.} (18... h5 $6 19. Ng5 $14) 19. Ng3
g5 20. Be3 Ng6 21. Nd3 Bc6 22. f4 {It is interesting to note how Shirov in a
methodical fashion has carried through one of the main ideas for White, the f4
break. But the result is not too inspiring against the setup with Black´s K on
the Q side.} gxf4 23. Nxf4 (23. Nxb4 axb4 24. Bxf4 Kb7 $13 {[%cal Ya8e8]})
23... Bc3 $1 (23... Nxe5 $6 24. Nd5 $1 $36) 24. Nfe2 (24. Nxg6 fxg6 25. Rf6 Kb7
26. Rxg6 Bxe5 27. Nh5 Rae8 $36) 24... Bxe5 25. Rxf7 Kb7 26. Rff1 Rae8 $132 {
Black has very active play and the white K is a target.} 27. Rd3 Re6 28. Rf2
Rhe8 29. Bd2 Nh4 30. Kf1 Bd6 31. Nc3 Bxg3 32. Rxg3 Rd8 33. Bc1 Rde8 34. Bd2 Rd8
35. Bc1 Rd7 36. Bf4 Rde7 37. Bd2 Rd7 38. Bc1 Rde7 39. Bd2 Rd7 40. Bc1 Rde7
1/2-1/2

[Event "Veterans-Women"]
[Site "Monte Carlo"]
[Date "1994.??.??"]
[Round "7"]
[White "Polgar, Judit"]
[Black "Smyslov, Vassily V"]
[Result "1-0"]
[WhiteElo "2630"]
[BlackElo "2530"]
[Annotator "Wedberg,T"]
[PlyCount "109"]
[EventDate "1994.06.??"]
[EventType "schev"]
[EventRounds "6"]
[EventCountry "MNC"]
[SourceTitle "CBM 042"]
[Source "ChessBase"]
[SourceDate "1994.10.01"]
[SourceVersion "1"]
[SourceVersionDate "1994.10.01"]
[SourceQuality "1"]

1. e4 e5 2. Nf3 Nc6 3. Bb5 Nf6 4. O-O Nxe4 5. d4 Nd6 6. Bxc6 dxc6 7. dxe5 Nf5
8. Qxd8+ Kxd8 9. Nc3 Be6 (9... h6) (9... Ke8) 10. Ng5 Ke8 11. Rd1 (11. Nxe6
fxe6 12. Ne4 {+/=/Gufeld-Shamkovich/Kislovodsk/1968}) 11... Be7 12. Nxe6 fxe6
13. Ne4 $14 Rd8 14. Rxd8+ Kxd8 15. c3 h6 16. h3 Kc8 (16... Nh4 $5 {/\ g5, Ng6})
17. Kf1 Rf8 18. Ke2 Nh4 19. g3 Nf3 20. Bf4 Nh4 (20... g5 $2 21. Kxf3 gxf4 22.
g4 $1 $16) 21. Be3 Nf3 22. Bc5 $1 Bxc5 23. Nxc5 Nxe5 24. Nxe6 Rg8 (24... Re8 $2
25. Nxg7 Re7 26. Nf5 $18) 25. Re1 b6 26. f4 Kd7 27. b3 Kxe6 28. Kf2 Rd8 29.
Rxe5+ Kf6 30. Ke2 $14 Rd5 31. Re8 Ra5 32. a4 b5 $2 (32... Rd5 $14) 33. Re5 $1
$16 Ra6 34. axb5 Ra3 35. Rc5 cxb5 (35... Rxb3 $2 36. Rxc6+ Kf5 37. Kf3 $18) 36.
Rxb5 a5 37. Kd3 Ke6 38. Kc4 a4 39. b4 Ra2 40. Ra5 a3 41. Kb3 Rh2 42. Rxa3 Rxh3
43. g4 Re3 44. f5+ Kd5 45. Ra5+ Kc6 46. Ra6+ Kb5 47. Rg6 c5 48. bxc5 Re7 49. c6
Kc5 50. Kc2 Kd5 51. Kd3 Kc5 52. c4 Ra7 53. Ke4 Kxc4 54. f6 gxf6 55. Rxh6 1-0

[Event "RUS-Cup6"]
[Site "Krasnodar"]
[Date "1997.03.11"]
[Round "1"]
[White "Turov, Maxim"]
[Black "Aleksandrov, Aleksej"]
[Result "0-1"]
[WhiteElo "2425"]
[BlackElo "2615"]
[Annotator "Wedberg,T"]
[PlyCount "90"]
[EventDate "1997.03.11"]
[EventType "swiss"]
[EventRounds "9"]
[EventCountry "RUS"]
[SourceTitle "EXT 2000"]
[Source "ChessBase"]
[SourceDate "1999.11.16"]
[SourceVersion "1"]
[SourceVersionDate "1999.11.16"]
[SourceQuality "1"]

1. e4 {Hecht} e5 2. Nf3 Nc6 3. Bb5 Nf6 4. O-O Nxe4 5. d4 Nd6 6. Bxc6 dxc6 7.
dxe5 Nf5 8. Qxd8+ Kxd8 9. b3 ({Preferable is} 9. Nc3 {keeping the options open
for the B.}) 9... a5 10. Nc3 Ke8 11. h3 (11. Bb2 Bb4 (11... h6 12. Rad1 (12.
Ne2 Ne7 13. Nfd4 a4 14. Rad1 Nd5 15. c4 Nb4 $13 {Shirov,A-Dautov,R/URS-YM
Tbilisi 1989/1/2-1/2 (53)}) 12... Be6 13. h3 Bb4 14. a3 Bxc3 15. Bxc3 a4 16. b4
Rd8 17. Nd4 {1/2-1/2 Anand,V-Motwani,P/Thessaloniki olm 1988}) 12. Ne4 (12.
Rad1 Bxc3 $1 13. Bxc3 Be6 $15 {Gufeld,E-Karaklajic,N/Belgrade GMA ;TD 88\07
1988/1/2-1/2 (55)}) (12. Ne2 a4 13. c4 Bc5 14. Nd2 h5 15. Ne4 Be7 16. Nf4 b6
17. Rfe1 Be6 18. Bc3 $13 {1-0 Jansa,V-Plachetka,J/Ostrava (02) ;CBM 33 1992 
(38)}) (12. Rfd1 h6 13. a3 Bxc3 14. Bxc3 a4 15. b4 Be6 {1/2-1/2 Romero Holmes,
A-Cifuentes Parada,R/Wijk op (04) ;CBM 46 1995}) 12... a4 13. a3 Be7 14. b4 Be6
15. Rfe1 h6 16. h3 Rd8 17. Rad1 $14 {Onischuk,A-Miles,A/Biel SKA 1996/CBM 55/
[Wedberg]/1-0 (47)}) (11. a4 $5) 11... Bb4 12. Ne4 (12. Bb2 Bxc3 $1 13. Bxc3 c5
14. Rad1 (14. Rfe1 h6 15. g4 Ne7 16. e6 f6 17. Nh4 $6 Ra6 $1 $15 {0-1 Thipsay,
P-Miles,A/Sakthi (05) ;CBM 53 1996 (33)}) 14... h6 15. Nd2 h5 16. Ne4 b6 17.
Ng5 Ke7 18. Rd2 h4 $15 {0-1 Polgar,J-Dautov,R/Brno 1991 (35)}) 12... a4 13. Bb2
h5 14. Bc3 Be7 15. Rfe1 Be6 16. Nfg5 Bxg5 $1 $15 {Opposite coloured B:s favour
Black, especially since he already has managed to get a4 in.} 17. Nxg5 c5 18.
Rad1 axb3 19. axb3 Ra2 20. Rd2 Ke7 21. Red1 Nd4 $1 22. Bxd4 cxd4 23. b4 (23.
Nxe6 Kxe6 24. Rxd4 Rxc2 $17) 23... Rha8 24. Nf3 Rb2 25. Rxd4 Rxc2 26. R1d2 Rxd2
27. Nxd2 {Hecht: Taktik: Doppelangriff bzw. Fesselung} Ra4 $17 28. Ne4 b6 29.
Nc3 Ra3 30. Ne4 Ra4 31. Nc3 Ra1+ 32. Kh2 Rc1 33. Rd3 Bc4 34. Re3 Rc2 35. Nd1
Be6 36. Nc3 Bc4 37. Nd1 g6 38. Re4 Bb3 39. Kg3 Rd2 40. Ne3 Ke6 41. Nc4 Rc2 42.
Ne3 Rd2 43. Nc4 (43. f4 Rd3 44. Kf2 Bd5 45. Nxd5 Kxd5 46. Re2 Rd4 $19) 43...
Rd5 {[#]} 44. f4 $2 (44. Kf4 $1 {Hecht}) 44... Rd3+ 45. Kf2 (45. Ne3 {Hecht}
Bd5 $19) 45... Kd5 0-1